El hombre y la variabilidad climática: (Registro nro. 4720)

Detalles MARC
000 -CABECERA
Campo de control 00552nam a2200205 a 4500
005 - FECHA Y HORA DE LA ULTIMA TRANSACCION
Campo de control 20200104041552.0
008 - ELEMENTOS DE LONGITUD FIJA—INFORMACION GENERAL
Campo de control 140317b1980 sz ||||| |||| 00| 0 spa d
040 ## - FUENTE DE CATALOGACIÓN
Agencia catalogadora original CO-BoIAVH
Agencia transcriptora CO-BoIAVH
041 ## - IDIOMA
Código de idioma para texto/pista de sonido o título separado Español
044 ## - PAÍS DE PUBLICACIÓN
País de publicación España
082 14 - NUMERO DE CLASIFICACION DECIMAL DEWEY
Número de clasificación 304.2
Número del ítem H76h
100 1# - ASIENTO PRINCIPAL--NOMBRE PERSONAL
Nombre personal Howard, Daniel
245 13 - MENCION DE TITULO
Título El hombre y la variabilidad climática:
260 ## - PUBLICACION, DISTRIBUCION, ETC. (PIE DE IMPRENTA)
Lugar de publicación, distribución, etc. Ginebra:
Nombre del editor, distribuidor, etc. Organización Meteorológica Mundial,
Fecha de publicación, distribución, etc. 1980.
300 ## - DESCRIPCION FISICA
Extensión 32 páginas
650 #0 - ASIENTO SECUNDARIO DE MATERIA - TERMINO TEMATICO
Término temático o nombre geográfico como elemento de entrada Clima
650 #0 - ASIENTO SECUNDARIO DE MATERIA - TERMINO TEMATICO
Término temático o nombre geográfico como elemento de entrada Climatología
942 ## - ELEMENTOS ADICIONALES (KOHA)
Tipo de ítem Folleto
Sistema de clasificación Dewey Decimal Classification
945 ## - PROCESAMIENTO LOCAL
AAAA-MM-DD - Fecha de ingreso o modificacion 2005-07-26
Existencias
Withdrawn status Lost status Sistema de Clasificación Damaged status No para préstamo Colección Inventariado Ubicación Permanente Ubicación actual Fecha de adquisición Fuente de Valor Valor Total Checkouts Número topográfico Inventario / Código de Barras Date last seen Ejemplar Price effective from Forma de adquisición Tipo de material
    Dewey Decimal Classification     General Inventariado 2017 Bogotá Bogotá 26/07/2005 Instituto 15000.00   LB-304.2 H76h 019482 04/12/2012 Ej. 1 04/12/2012 Donación Libro